| 000 | 00641cam a22002411 4500 | ||
|---|---|---|---|
| 999 |
_c3145 _d3145 |
||
| 001 | 9407584 | ||
| 003 | GBCCL | ||
| 005 | 20241126110448.0 | ||
| 008 | 740424s1966 xx 000 0 eng | ||
| 010 | _a 66018940 | ||
| 035 | _a(OCoLC)865068 | ||
| 040 |
_aDLC _cOCanM _dDLC |
||
| 042 | _apremarc | ||
| 050 | 0 | 0 |
_aBV210.2 _b.R49 |
| 082 |
_a248.32 _bRIN |
||
| 100 | 1 |
_aRinker, Rosalind. _95019 |
|
| 245 | 1 | 0 | _aCommunicating love through prayer. |
| 260 |
_aGrand Rapids, _bZondervan Pub. House _c[1966] |
||
| 300 |
_a125 p. _c21 cm. |
||
| 650 | 0 |
_aPrayer. _9332 |
|
| 906 |
_a7 _bcbc _coclcrpl _du _encip _f19 _gy-gencatlg |
||
| 942 |
_2ddc _cBK _01 |
||